000 01582pab a2200193 454500
008 180718b2013 xxu||||| |||| 00| 0 eng d
100 _aTasdoven, Hidayet
245 _aPersonal perceptions and organizational factors influencing police discretion: Evidence from the Turkish national police
260 _c2013
300 _ap.523-543.
362 _aSep
520 _aUnsupervised police decisions taken under stress inherently involve the exercise of discretion and remain questionable when considering the legitimacy of police behavior. Law enforcement agencies seek ways to control discretion to avoid the undesirable consequences of police discretion and maintain organizational legitimacy. Drawing on expectancy and value-based approaches, this study examines the role of extrinsic motivation, intrinsic value orientation and selective enforcement attitudes on the responsiveness of Turkish patrol officers. The findings of the study suggest that reward expectancy which represents the extrinsic motivational perspective, did not have a statistically significant relationship to responsiveness. Public service motivation representing the intrinsic motives of respondents, on the other hand, indicated a strong, positive, and statistically significant relationship with responsiveness. Officer attitudes toward selective enforcement negatively influenced officer responsiveness. - Reproduced.
650 _aPolice - Turkey
650 _aPolice
700 _aKapucu, Naim
773 _aInternational Review of Administrative Sciences
908 _aN
909 _a101689
999 _c101687
_d101687